Firmy a kapitálový trh

Firmy a kapitálové trhy v SR a vo svete. Obchodovanie na kapitálovom trhu: RM-Systém Slovakia, BCPB. Peňažné a devízové trhy. Banky a poisťovne. Investície a privatizácia. Komodity na svetových trhoch: farebné kovy, zlato, striebro, pšenica, ropa a ropné produkty. Databanka.

Uložené v:
Podrobná bibliografia
Médium: Kapitola
Jazyk:Slovak
Predmet:
Tagy: Pridať tag
Žiadne tagy, Buďte prvý, kto otaguje tento záznam!

MARC

LEADER 00000naa a2200000 4500
001 r019514
005 20230921074411.7
041 0 |a slo 
044 |a SK 
245 1 0 |a Firmy a kapitálový trh 
520 |a Firmy a kapitálové trhy v SR a vo svete. Obchodovanie na kapitálovom trhu: RM-Systém Slovakia, BCPB. Peňažné a devízové trhy. Banky a poisťovne. Investície a privatizácia. Komodity na svetových trhoch: farebné kovy, zlato, striebro, pšenica, ropa a ropné produkty. Databanka. 
610 2 0 |a Slovensko 
610 2 0 |a trh kapitálový 
610 2 0 |a RM-Systém Slovakia 
610 2 0 |a BCP Bratislava 
610 2 0 |a trh peňažný 
610 2 0 |a trh devízový 
610 2 0 |a banky 
610 2 0 |a poisťovne 
610 2 0 |a podnik 
610 2 0 |a investície 
610 2 0 |a akcie 
610 2 0 |a komodity